[Event "3. Memorial Oliver Gonzalez 2012 - B"]
[Site "Madrid ESP"]
[Date "2012.09.06"]
[Round "6.4"]
[White "Zanoletty Garcia, David"]
[Black "Sacristan Latorre, Alberto"]
[Result "1-0"]
[WhiteElo "1962"]
[BlackElo "2041"]
[PlyCount "106"]
[EventDate "2012.09.01"]
[EventType "swiss"]
[EventRounds "9"]
[EventCountry "ESP"]
[Source "lmi"]
[SourceDate "2012.09.01"]

1. d4 Nf6 2. c4 g6 3. Nc3 Bg7 4. Nf3 O-O 5. e4 d6 6. Be2 Nbd7 7. Be3 e5 8. d5
Ne8 9. g4 a5 10. h3 Nc5 11. Qd2 f5 12. gxf5 gxf5 13. Bg5 Nf6 14. exf5 Bxf5 15.
Qe3 Qe7 16. Nd4 Bd7 17. Nb3 Nxb3 18. axb3 Qf7 19. O-O-O Nh5 20. Bg4 Nf4 21.
Rhg1 Kh8 22. Bxd7 Qxd7 23. Rg4 Qf5 24. Kd2 Rf7 25. Ne4 Raf8 26. Rdg1 Ng6 27.
Bh6 Qf3 28. Bxg7+ Rxg7 29. R1g3 Qxe3+ 30. fxe3 Rgf7 31. Kd3 Rf3 32. Rxf3 Rxf3
33. Ng5 Rf1 34. Ne6 Rf7 35. h4 Ne7 36. Nxc7 Nf5 37. Ne6 h6 38. Rg6 Kh7 39. h5
Ne7 40. Nd8 Rf5 41. Rxd6 Kg7 42. Nxb7 Rxh5 43. Rd7 Kf6 44. d6 Nf5 45. Rh7 Rh1
46. d7 Kg6 47. Rh8 Rd1+ 48. Ke2 Rxd7 49. Nxa5 h5 50. Nc6 Rb7 51. Nxe5+ Kf6 52.
Nf3 Rxb3 53. Rf8+ Ke6 1-0

[Event "3. Memorial Oliver Gonzalez 2012 - B"]
[Site "Madrid ESP"]
[Date "2012.09.06"]
[Round "6.5"]
[White "Mañas Molina, Angel"]
[Black "Sarto Ramos, Angel"]
[Result "0-1"]
[WhiteElo "1939"]
[BlackElo "2020"]
[PlyCount "88"]
[EventDate "2012.09.01"]
[EventType "swiss"]
[EventRounds "9"]
[EventCountry "ESP"]
[Source "lmi"]
[SourceDate "2012.09.01"]

1. e4 g6 2. d4 c6 3. Nc3 d5 4. e5 Bf5 5. Be3 h5 6. Bd3 Bxd3 7. Qxd3 e6 8. Nf3
Be7 9. Qd2 Nd7 10. a3 a5 11. O-O b5 12. a4 b4 13. Ne2 Nb6 14. b3 Rc8 15. Qd3
Nh6 16. Bxh6 Rxh6 17. Nf4 g5 18. Ne2 g4 19. Nd2 c5 20. f4 c4 21. bxc4 dxc4 22.
Qe4 Qd5 23. Qe3 f5 24. exf6 Rxf6 25. Ne4 Rf8 26. Kh1 h4 27. Rf2 Qf5 28. Nc5 Rc6
29. Nb7 Nd5 30. Qe5 Qxe5 31. dxe5 Rc7 32. Nxa5 Bc5 33. Rff1 Bb6 34. Nb3 cxb3
35. cxb3 Rc2 36. Rae1 Ne3 37. Rf2 Nf5 38. Rff1 Ke7 39. Nc1 Rd8 40. Re2 Rdd2 41.
Rxd2 Rxd2 42. Re1 Ne3 43. g3 hxg3 44. hxg3 Nf5 0-1

[Event "3. Memorial Oliver Gonzalez 2012 - B"]
[Site "Madrid ESP"]
[Date "2012.09.06"]
[Round "6.6"]
[White "Cavalle Pulla, Daniel"]
[Black "Camarero Izquierdo, Juan Carlo"]
[Result "1-0"]
[WhiteElo "2019"]
[BlackElo "1899"]
[PlyCount "109"]
[EventDate "2012.09.01"]
[EventType "swiss"]
[EventRounds "9"]
[EventCountry "ESP"]
[Source "lmi"]
[SourceDate "2012.09.01"]

1. e4 c6 2. d4 d5 3. Nc3 dxe4 4. Nxe4 Bf5 5. Ng3 e6 6. Nxf5 exf5 7. Bc4 Nf6 8.
c3 g6 9. Nf3 Bg7 10. O-O O-O 11. Bf4 Nbd7 12. Qd2 Ne4 13. Qc1 Bf6 14. Nd2 Nxd2
15. Qxd2 Re8 16. Rfe1 Nb6 17. Bb3 Qd7 18. Bg5 Bg7 19. h4 Nd5 20. Rad1 Nf6 21.
f3 Nh5 22. d5 c5 23. Re3 b5 24. d6 c4 25. Re7 Qc6 26. Rxe8+ Rxe8 27. d7 Bf8 28.
dxe8=Q Qxe8 29. Re1 Qb8 30. Bc2 Bc5+ 31. Be3 Bd6 32. Bf2 f4 33. Qd4 Ng3 34.
Qxa7 Qd8 35. Bxg3 fxg3 36. Qd4 Qf8 37. Kf1 Bc5 38. Qd7 Qh6 39. Qd8+ Bf8 40. Re8
Qc1+ 41. Bd1 Qh6 42. Rxf8+ Qxf8 43. Qxf8+ Kxf8 44. f4 Ke7 45. Ke2 Kd6 46. a4
bxa4 47. Bxa4 f6 48. Kf3 Kd5 49. Bb5 h6 50. Kxg3 Ke4 51. Bxc4 f5 52. b4 g5 53.
hxg5 hxg5 54. fxg5 f4+ 55. Kg4 1-0

[Event "3. Memorial Oliver Gonzalez 2012 - B"]
[Site "Madrid ESP"]
[Date "2012.09.06"]
[Round "6.7"]
[White "Rasskin Friederichs, Ivan"]
[Black "Garcia Salamero, Hector"]
[Result "1-0"]
[WhiteElo "2015"]
[BlackElo "1868"]
[PlyCount "81"]
[EventDate "2012.09.01"]
[EventType "swiss"]
[EventRounds "9"]
[EventCountry "ESP"]
[Source "lmi"]
[SourceDate "2012.09.01"]

1. d4 Nf6 2. c4 g6 3. Nc3 Bg7 4. e4 d6 5. f3 O-O 6. Be3 c5 7. Nge2 Nc6 8. Qd2
cxd4 9. Nxd4 Bd7 10. Be2 a6 11. g4 Ne8 12. h4 Nxd4 13. Bxd4 Bxd4 14. Qxd4 e5
15. Qd2 Bc6 16. O-O-O Qe7 17. h5 g5 18. Kb1 b6 19. Rc1 Nc7 20. Nd5 Nxd5 21.
cxd5 Bb7 22. Qe3 b5 23. Rc2 Rfc8 24. Rhc1 Kf8 25. Rxc8+ Rxc8 26. Rxc8+ Bxc8 27.
Qb6 Ke8 28. a4 bxa4 29. Bxa6 Bxa6 30. Qxa6 Qd7 31. Qc6 Qxc6 32. dxc6 Kd8 33.
Ka2 Kc7 34. Ka3 Kxc6 35. Kxa4 d5 36. exd5+ Kxd5 37. b4 f5 38. gxf5 g4 39. fxg4
e4 40. Kb3 Kd4 41. f6 1-0

[Event "3. Memorial Oliver Gonzalez 2012 - B"]
[Site "Madrid ESP"]
[Date "2012.09.06"]
[Round "6.9"]
[White "Rodriguez Dorado, Victor"]
[Black "Lara Granero, Bio"]
[Result "1/2-1/2"]
[WhiteElo "1958"]
[BlackElo "2069"]
[PlyCount "125"]
[EventDate "2012.09.01"]
[EventType "swiss"]
[EventRounds "9"]
[EventCountry "ESP"]
[Source "lmi"]
[SourceDate "2012.09.01"]

1. c4 g6 2. Nc3 Bg7 3. Nf3 d6 4. g3 f5 5. Bg2 e5 6. d3 c6 7. Bg5 Ne7 8. e4 Na6
9. a3 O-O 10. Qd2 Nc5 11. Qc2 f4 12. O-O-O Ne6 13. h4 h6 14. Bxe7 Qxe7 15. gxf4
exf4 16. Rdg1 Nd4 17. Nxd4 Bxd4 18. Bf3 Kh7 19. Rg2 Qe5 20. Ne2 Rf6 21. Nxd4
Qxd4 22. Rhg1 Bh3 23. Rh2 Be6 24. Kd2 Rb8 25. Qc3 Qxc3+ 26. Kxc3 b5 27. b4 c5
28. Rb1 a6 29. Rhh1 Rf7 30. Rb2 Rc7 31. bxc5 Rxc5 32. Kd4 Rbc8 33. cxb5 axb5
34. Rhb1 Bd7 35. Bd1 g5 36. hxg5 Rxg5 37. Bb3 h5 38. Rh1 Kh6 39. Bd5 Rc5 40. a4
bxa4 41. Rb6 Rg6 42. Rxd6 Rxd6 43. Kxc5 Ra6 44. Bf7 Bg4 45. Kb5 Ra7 46. Bd5 Be2
47. Kb6 Rg7 48. d4 Rg2 49. e5 Rxf2 50. e6 Bd3 51. Re1 Bg6 52. e7 Rb2+ 53. Kc7
Kg7 54. Bc6 a3 55. d5 a2 56. Ra1 Kf6 57. e8=Q Bxe8 58. Bxe8 f3 59. d6 f2 60.
Bxh5 Rc2+ 61. Kd8 Rb2 62. d7 Rb1 63. Kc7 1/2-1/2

[Event "3. Memorial Oliver Gonzalez 2012 - B"]
[Site "Madrid ESP"]
[Date "2012.09.06"]
[Round "6.10"]
[White "Quintero Torres, Pedro"]
[Black "Ruiz Quevedo, Andres"]
[Result "1-0"]
[WhiteElo "2053"]
[BlackElo "1916"]
[PlyCount "43"]
[EventDate "2012.09.01"]
[EventType "swiss"]
[EventRounds "9"]
[EventCountry "ESP"]
[Source "lmi"]
[SourceDate "2012.09.01"]

1. e4 c5 2. Nf3 e6 3. c3 Nc6 4. d4 d5 5. exd5 exd5 6. Bb5 Nf6 7. O-O Be7 8.
dxc5 Bxc5 9. Re1+ Be6 10. Nd4 O-O 11. Be3 Qb6 12. Bxc6 bxc6 13. b4 Bxd4 14.
Bxd4 Qd8 15. Nd2 Nd7 16. Qf3 a5 17. Qg3 g6 18. a3 Nf6 19. Qe5 Kg7 20. Re3 Bf5
21. Rg3 Re8 22. Qxf5 1-0

[Event "3. Memorial Oliver Gonzalez 2012 - B"]
[Site "Madrid ESP"]
[Date "2012.09.06"]
[Round "6.11"]
[White "Tirado Parra, Alberto"]
[Black "Julian Serra, Rogelio"]
[Result "1-0"]
[WhiteElo "1910"]
[BlackElo "2042"]
[PlyCount "53"]
[EventDate "2012.09.01"]
[EventType "swiss"]
[EventRounds "9"]
[EventCountry "ESP"]
[Source "lmi"]
[SourceDate "2012.09.01"]

1. b4 d5 2. Bb2 Qd6 3. a3 e5 4. Nf3 f6 5. e3 Nh6 6. c4 c6 7. Be2 Be6 8. cxd5
cxd5 9. O-O Nd7 10. Nc3 Rc8 11. Rc1 Qb8 12. Qb3 Nb6 13. e4 Rd8 14. d4 Kf7 15.
exd5 Bd7 16. dxe5 fxe5 17. Ne4 Ba4 18. Nfg5+ Kg8 19. Qa2 Bd6 20. Bxe5 Bxe5 21.
d6+ Kf8 22. Ne6+ Ke8 23. Nxd8 Kxd8 24. b5 Nf5 25. Qe6 Nd7 26. Qxf5 Bb3 27. Bg4
1-0

[Event "3. Memorial Oliver Gonzalez 2012 - B"]
[Site "Madrid ESP"]
[Date "2012.09.06"]
[Round "6.12"]
[White "Plazuelo Pascual, Juan"]
[Black "De Sousa Da Silva, Armando"]
[Result "1/2-1/2"]
[WhiteElo "1721"]
[BlackElo "2014"]
[PlyCount "177"]
[EventDate "2012.09.01"]
[EventType "swiss"]
[EventRounds "9"]
[EventCountry "ESP"]
[Source "lmi"]
[SourceDate "2012.09.01"]

1. e4 e6 2. d4 c5 3. Nf3 cxd4 4. Nxd4 Nf6 5. Nc3 Bb4 6. e5 Nd5 7. Bd2 Nxc3 8.
bxc3 Be7 9. Qg4 Kf8 10. Bd3 Qc7 11. f4 a6 12. O-O g6 13. Rae1 d6 14. exd6 Qxd6
15. Qe2 Nc6 16. Nxc6 Qxc6 17. f5 Ke8 18. Bc4 gxf5 19. Rxf5 Rg8 20. g3 Bc5+ 21.
Rxc5 Qxc5+ 22. Be3 Qc7 23. Bd4 b5 24. Bd5 Rb8 25. Qe5 Qxe5 26. Bxe5 Rb7 27.
Bxb7 Bxb7 28. Rd1 Bd5 29. a3 Ke7 30. Bd4 Kd6 31. Kf2 e5 32. Bb6 Rc8 33. Ba5 Ke6
34. Bb4 Rc4 35. Rd2 h5 36. Rd1 f5 37. Rd2 Rc8 38. Ke3 Rh8 39. Be7 Rh7 40. Bd8
Rf7 41. Rf2 Rd7 42. Ba5 Be4 43. Rd2 f4+ 44. gxf4 exf4+ 45. Ke2 Rxd2+ 46. Kxd2
Kf5 47. Ke2 Bxc2 48. Kf3 Bd1+ 49. Kf2 Ke4 50. Bb4 Bg4 51. Bc5 Kd3 52. Bb4 Kc4
53. Ba5 Kb3 54. Bb4 Ka4 55. Bc5 Bd1 56. Kf1 Bc2 57. Kf2 Be4 58. Kf1 a5 59. Bb6
Bd5 60. Kf2 Bc6 61. Kf1 Kxa3 62. Bxa5 Kb3 63. Bb4 Kc4 64. Kf2 Kd3 65. Ba5 Bd5
66. Bb4 Ke4 67. Bc5 Kf5 68. Bd6 Kg4 69. Bc7 Bc4 70. Bd6 h4 71. Bc7 h3 72. Bd6
Bd5 73. Bc7 Bg2 74. Bd6 Kf5 75. Bc7 Ke4 76. Ba5 Kd3 77. Bb4 Bd5 78. Ba5 Be4 79.
Bb4 Kc2 80. Ba5 Bg2 81. Bb4 Kb3 82. Ba5 Kc4 83. Bb4 Kd3 84. Ba5 Bd5 85. Bb4 Ke4
86. Ba5 Bc4 87. Bb4 Be6 88. Ba5 Bg4 89. Bb4 1/2-1/2

[Event "3. Memorial Oliver Gonzalez 2012 - B"]
[Site "Madrid ESP"]
[Date "2012.09.06"]
[Round "6.13"]
[White "Rojas Pozo, Jose Luis"]
[Black "Perez Carballeira, Francisco"]
[Result "1-0"]
[WhiteElo "1963"]
[BlackElo "1585"]
[PlyCount "46"]
[EventDate "2012.09.01"]
[EventType "swiss"]
[EventRounds "9"]
[EventCountry "ESP"]
[Source "lmi"]
[SourceDate "2012.09.01"]

1. d4 d5 2. c4 Nf6 3. Nc3 Bf5 4. Qb3 dxc4 5. Qxb7 Nbd7 6. Nb5 Qc8 7. Qxa8 Qxa8
8. Nxc7+ Kd8 9. Nxa8 Be4 10. Nc7 Kxc7 11. f3 Bc2 12. Bd2 Nb6 13. Rc1 Bg6 14. e4
e6 15. Bxc4 Kb7 16. Bb3 Nfd7 17. Ne2 Be7 18. O-O Re8 19. a4 e5 20. a5 Nc8 21.
Bd5+ Kb8 22. dxe5 Bc5+ 23. Kh1 Nxe5 1-0

[Event "3. Memorial Oliver Gonzalez 2012 - B"]
[Site "Madrid ESP"]
[Date "2012.09.06"]
[Round "6.14"]
[White "Hernanz Villaoslada, Javier"]
[Black "Rives Higueras, Alan"]
[Result "1-0"]
[WhiteElo "1658"]
[BlackElo "1959"]
[PlyCount "63"]
[EventDate "2012.09.01"]
[EventType "swiss"]
[EventRounds "9"]
[EventCountry "ESP"]
[Source "lmi"]
[SourceDate "2012.09.01"]

1. d4 Nf6 2. c4 e5 3. d5 Bc5 4. Nc3 d6 5. e4 h6 6. h3 c6 7. Nf3 O-O 8. Bd3 Bd7
9. O-O a5 10. Bd2 Na6 11. a3 Ba7 12. Qc1 Kh7 13. Be3 Bxe3 14. Qxe3 Nh5 15. Ne2
a4 16. Nd2 Nc5 17. Bc2 Kg8 18. f4 Nf6 19. fxe5 Nh7 20. exd6 Qb6 21. e5 Qxb2 22.
Bxh7+ Kxh7 23. Rab1 Qc2 24. Qxc5 Qxd2 25. Rxb7 cxd5 26. Rxd7 Qxe2 27. Qxd5 Rae8
28. Re7 Qe3+ 29. Kh2 Qxa3 30. Rfxf7 Rxf7 31. Qxf7 Rxe7 32. dxe7 1-0

[Event "3. Memorial Oliver Gonzalez 2012 - B"]
[Site "Madrid ESP"]
[Date "2012.09.06"]
[Round "6.15"]
[White "Alonso Aranzabal, Iñigo"]
[Black "Sanchez Lopez, Maria"]
[Result "0-1"]
[WhiteElo "1976"]
[BlackElo "1873"]
[PlyCount "66"]
[EventDate "2012.09.01"]
[EventType "swiss"]
[EventRounds "9"]
[EventCountry "ESP"]
[Source "lmi"]
[SourceDate "2012.09.01"]

1. e4 e6 2. d4 d5 3. e5 c5 4. c3 Nc6 5. Nf3 Bd7 6. Be2 Qb6 7. a3 c4 8. Nbd2 Na5
9. O-O Ne7 10. Rb1 Nf5 11. Re1 Be7 12. Qc2 O-O-O 13. Nf1 h6 14. Ne3 Nh4 15.
Nxh4 Bxh4 16. g3 Be7 17. f4 g5 18. f5 f6 19. exf6 Bxf6 20. fxe6 Bxe6 21. Bg4
Rhe8 22. Bd2 Nc6 23. Nxc4 dxc4 24. Bxe6+ Kb8 25. Bxc4 Nxd4 26. cxd4 Bxd4+ 27.
Kg2 Qc6+ 28. Kh3 Qd7+ 29. g4 Qc6 30. Rf1 Rf8 31. Qd3 Bf2 32. Rxf2 Rxd3+ 33.
Bxd3 Rxf2 0-1

[Event "3. Memorial Oliver Gonzalez 2012 - B"]
[Site "Madrid ESP"]
[Date "2012.09.06"]
[Round "6.16"]
[White "Morera Rodriguez, Ignacio"]
[Black "Pinel Mirasierra, Jose Pablo"]
[Result "1-0"]
[WhiteElo "1800"]
[BlackElo "1999"]
[PlyCount "85"]
[EventDate "2012.09.01"]
[EventType "swiss"]
[EventRounds "9"]
[EventCountry "ESP"]
[Source "lmi"]
[SourceDate "2012.09.01"]

1. d4 d5 2. c4 e6 3. g3 Nf6 4. Bg2 c6 5. Nd2 Nbd7 6. Ngf3 Be7 7. b3 O-O 8. O-O
b6 9. Bb2 Bb7 10. e3 Rc8 11. Ne5 Nxe5 12. dxe5 Nd7 13. cxd5 cxd5 14. e4 Nc5 15.
exd5 Bxd5 16. Nf3 Qd7 17. Qe2 Qb7 18. Rfd1 Rfd8 19. Ne1 Ne4 20. Rd4 Nc3 21. Qe3
Bxg2 22. Rxd8+ Rxd8 23. Nxg2 Nd1 24. Qe2 Nxb2 25. Qxb2 Qe4 26. Re1 Qd3 27. Ne3
Qd2 28. Qc1 Bc5 29. Rd1 Qxc1 30. Rxc1 Rd2 31. a3 g5 32. Ng4 h5 33. Nf6+ Kg7 34.
Ne4 Bxa3 35. Rc7 Re2 36. Nxg5 Rxe5 37. Rxf7+ Kg8 38. Rxa7 Rxg5 39. Rxa3 Kf7 40.
b4 Rg4 41. Rb3 b5 42. f4 e5 43. h3 1-0

[Event "3. Memorial Oliver Gonzalez 2012 - B"]
[Site "Madrid ESP"]
[Date "2012.09.06"]
[Round "6.17"]
[White "Ortiz Berruguete, Adrian"]
[Black "Lopez Heras, Arturo"]
[Result "1-0"]
[WhiteElo "1803"]
[BlackElo "1976"]
[PlyCount "107"]
[EventDate "2012.09.01"]
[EventType "swiss"]
[EventRounds "9"]
[EventCountry "ESP"]
[Source "lmi"]
[SourceDate "2012.09.01"]

1. e4 e5 2. Nf3 Nc6 3. Bb5 f5 4. d3 fxe4 5. dxe4 Nf6 6. O-O Bc5 7. Bg5 d6 8.
Nc3 a6 9. Ba4 Bg4 10. Qe2 O-O 11. Rad1 Nd4 12. Qd3 Nxf3+ 13. gxf3 Bh3 14. Rfe1
c6 15. Bb3+ Kh8 16. Na4 Ba7 17. Rd2 Qe8 18. Kh1 Qh5 19. Rg1 h6 20. Bxf6 Rxf6
21. Rg3 Rf4 22. c4 Rh4 23. Kg1 Rf8 24. Bd1 Bd4 25. Nc3 Be6 26. f4 Bg4 27. Bxg4
Rxg4 28. f5 Rf4 29. Nd1 Rh4 30. Rg2 Rh3 31. Qe2 Qh4 32. Qg4 Qxg4 33. Rxg4 Rf6
34. Kg2 Rh5 35. h4 d5 36. cxd5 cxd5 37. f3 dxe4 38. fxe4 Rc6 39. Nf2 Kh7 40.
Kh3 Rc1 41. Nd3 Rh1+ 42. Kg3 Rg1+ 43. Rg2 Rd1 44. Nb4 a5 45. Nd5 Rb1 46. Kf3 g5
47. fxg6+ Kg7 48. Ne7 Bxb2 49. Nf5+ Kg8 50. g7 Ba3 51. Rc2 Rf1+ 52. Ke2 Rhxf5
53. exf5 Rxf5 54. Rc8+ 1-0

[Event "3. Memorial Oliver Gonzalez 2012 - B"]
[Site "Madrid ESP"]
[Date "2012.09.06"]
[Round "6.18"]
[White "Fernandez Lago, David"]
[Black "Diaz Begonte, Manuel"]
[Result "1-0"]
[WhiteElo "1976"]
[BlackElo "1776"]
[PlyCount "33"]
[EventDate "2012.09.01"]
[EventType "swiss"]
[EventRounds "9"]
[EventCountry "ESP"]
[Source "lmi"]
[SourceDate "2012.09.01"]

1. e4 c6 2. d4 d5 3. e5 Bf5 4. Nf3 e6 5. Be2 c5 6. O-O Nc6 7. Nc3 cxd4 8. Nxd4
Nxd4 9. Qxd4 a6 10. Qa4+ b5 11. Nxb5 Be7 12. Nc7+ Kf8 13. Nxa8 Qxa8 14. Qxa6
Qxa6 15. Bxa6 Bxc2 16. Be3 f5 17. Bb5 1-0

[Event "3. Memorial Oliver Gonzalez 2012 - B"]
[Site "Madrid ESP"]
[Date "2012.09.06"]
[Round "6.20"]
[White "Juberias Guillen, Paloma"]
[Black "Marcos Herrero, Francisco"]
[Result "1-0"]
[WhiteElo "1788"]
[BlackElo "1937"]
[PlyCount "77"]
[EventDate "2012.09.01"]
[EventType "swiss"]
[EventRounds "9"]
[EventCountry "ESP"]
[Source "lmi"]
[SourceDate "2012.09.01"]

1. d4 Nf6 2. c4 c5 3. d5 b5 4. Qc2 b4 5. e4 d6 6. f4 g6 7. b3 Bg7 8. Bb2 a5 9.
Nf3 O-O 10. Nbd2 a4 11. bxa4 Bd7 12. Bd3 Rxa4 13. O-O e6 14. e5 Ne8 15. Ne4 Ra7
16. exd6 Ba4 17. Qf2 Bxb2 18. Qxb2 exd5 19. cxd5 Qb6 20. Kh1 f5 21. Neg5 Nxd6
22. Ne6 Re8 23. Rac1 c4 24. Bxc4 Qa5 25. Qd4 Rae7 26. Rfe1 Nd7 27. Bb3 Bxb3 28.
axb3 Ne4 29. Nc7 Rb8 30. d6 Rg7 31. Ne6 Rf7 32. Ne5 Nxe5 33. fxe5 Qa7 34. Qxa7
Rxa7 35. Rc7 Rxc7 36. Nxc7 Kf7 37. Kg1 Rb7 38. e6+ Kg8 39. Rxe4 1-0

[Event "3. Memorial Oliver Gonzalez 2012 - B"]
[Site "Madrid ESP"]
[Date "2012.09.06"]
[Round "6.21"]
[White "Alvarez Gonzalez, Eduardo"]
[Black "Alonso Garuti, Luis E"]
[Result "1/2-1/2"]
[WhiteElo "1771"]
[BlackElo "1930"]
[PlyCount "51"]
[EventDate "2012.09.01"]
[EventType "swiss"]
[EventRounds "9"]
[EventCountry "ESP"]
[Source "lmi"]
[SourceDate "2012.09.01"]

1. d4 Nf6 2. Nf3 d5 3. c4 e6 4. Nc3 c6 5. e3 Bd6 6. Bd3 O-O 7. O-O Nbd7 8. b3
e5 9. cxd5 cxd5 10. Nb5 Bb8 11. dxe5 Nxe5 12. Be2 Nfg4 13. Nbd4 Qf6 14. Ba3 Re8
15. Rc1 Bf5 16. Nxf5 Qxf5 17. h3 Nxf3+ 18. Bxf3 Qe5 19. Re1 Nf6 20. Bc5 Qh2+
21. Kf1 Qe5 22. Kg1 Qh2+ 23. Kf1 Qe5 24. Kg1 Qh2+ 25. Kf1 Qe5 26. Kg1 1/2-1/2

[Event "3. Memorial Oliver Gonzalez 2012 - B"]
[Site "Madrid ESP"]
[Date "2012.09.06"]
[Round "6.22"]
[White "Calleja Sanchez, Alfredo J"]
[Black "Merino Araguas, Jose Javier"]
[Result "1/2-1/2"]
[WhiteElo "1903"]
[BlackElo "1811"]
[PlyCount "68"]
[EventDate "2012.09.01"]
[EventType "swiss"]
[EventRounds "9"]
[EventCountry "ESP"]
[Source "lmi"]
[SourceDate "2012.09.01"]

1. e4 e6 2. d3 d5 3. Nd2 Nf6 4. Ngf3 c5 5. g3 Nc6 6. Bg2 Be7 7. O-O O-O 8. Re1
b6 9. e5 Nd7 10. Nf1 Bb7 11. h4 Qc7 12. Bf4 d4 13. N1h2 Nb4 14. a3 Nd5 15. Ng5
Nxf4 16. gxf4 Bxg2 17. Kxg2 h6 18. Qh5 Qc6+ 19. f3 f6 20. Nxe6 Qxe6 21. exf6
Qxf6 22. Qd5+ Qf7 23. Qxd7 Bxh4 24. Qxf7+ Rxf7 25. Re4 Raf8 26. f5 Bg5 27. Rae1
Rxf5 28. b3 h5 29. Re5 Rxe5 30. Rxe5 Bf4 31. Rxh5 Bxh2 32. Rxh2 Re8 33. Kf2 Kf7
34. Rh5 Kf6 1/2-1/2

[Event "3. Memorial Oliver Gonzalez 2012 - B"]
[Site "Madrid ESP"]
[Date "2012.09.06"]
[Round "6.23"]
[White "Garcia Serrano, Jose M. Ii"]
[Black "Garcia Lopez, Fernando"]
[Result "1-0"]
[WhiteElo "1896"]
[BlackElo "1678"]
[PlyCount "57"]
[EventDate "2012.09.01"]
[EventType "swiss"]
[EventRounds "9"]
[EventCountry "ESP"]
[Source "lmi"]
[SourceDate "2012.09.01"]

1. e4 e5 2. f4 exf4 3. Nf3 g5 4. h4 g4 5. Ng5 h6 6. Nxf7 Kxf7 7. d4 d5 8. Bxf4
Nf6 9. Nc3 c6 10. Be2 h5 11. O-O Ke8 12. Bg5 Be7 13. Qd3 Nh7 14. exd5 Nxg5 15.
Qg6+ Kd7 16. hxg5 Qg8 17. dxc6+ Nxc6 18. Qe4 Qe6 19. Qxe6+ Kxe6 20. d5+ Kd6 21.
dxc6 Kxc6 22. Bb5+ Kc5 23. g6 Rg8 24. Rae1 Rg7 25. Rf7 Rxf7 26. gxf7 Kd6 27.
Nd5 Be6 28. Nc7 Rf8 29. Rxe6+ 1-0

[Event "3. Memorial Oliver Gonzalez 2012 - B"]
[Site "Madrid ESP"]
[Date "2012.09.06"]
[Round "6.24"]
[White "Palenciano Escolar, Adrian"]
[Black "Ortega Morales, Pedro"]
[Result "1/2-1/2"]
[WhiteElo "1640"]
[BlackElo "1876"]
[PlyCount "120"]
[EventDate "2012.09.01"]
[EventType "swiss"]
[EventRounds "9"]
[EventCountry "ESP"]
[Source "lmi"]
[SourceDate "2012.09.01"]

1. e4 e5 2. Nf3 Nc6 3. Bb5 Nf6 4. O-O Nxe4 5. d4 Nd6 6. Bxc6 dxc6 7. dxe5 Nf5
8. Qxd8+ Kxd8 9. Nc3 h6 10. g4 Ne7 11. h3 Ng6 12. Re1 Be7 13. Bd2 Bd7 14. Nd4
c5 15. Nf3 Be6 16. Rad1 Kc8 17. Nh2 h5 18. b3 hxg4 19. hxg4 Bh4 20. Re2 Bd7 21.
f4 Bg3 22. e6 fxe6 23. Ne4 Bxh2+ 24. Rxh2 Rxh2 25. Kxh2 b6 26. Kg3 Ne7 27. Bc3
g6 28. Bf6 Ng8 29. Be5 Kd8 30. Kh4 Rc8 31. Kg5 Ke8 32. Kxg6 Bc6 33. Nf6+ Nxf6
34. Kxf6 Rd8 35. Rxd8+ Kxd8 36. Kxe6 Bd7+ 37. Kf6 Bxg4 38. f5 Bd1 39. Kg7 Bh5
40. f6 Ke8 41. Bxc7 Bf7 42. Bb8 a6 43. Ba7 b5 44. Bxc5 Bd5 45. Be7 Be6 46. Bd6
Bd5 47. Kg6 Be4+ 48. Kg7 Bd5 49. c3 Bf7 50. Be5 Bd5 51. Kg6 Bf7+ 52. Kf5 Kd7
53. Ke4 Bg6+ 54. Kd5 Bb1 55. b4 Bxa2+ 56. Kc5 Ke6 57. Bd4 Bc4 58. Kb6 Bf1 59.
Kxa6 Kf7 60. Kb6 Be2 1/2-1/2

[Event "3. Memorial Oliver Gonzalez 2012 - B"]
[Site "Madrid ESP"]
[Date "2012.09.06"]
[Round "6.25"]
[White "Rodriguez Bachiller, Luis"]
[Black "Martin Garcia, Francisco J"]
[Result "1/2-1/2"]
[WhiteElo "1813"]
[BlackElo "1609"]
[PlyCount "60"]
[EventDate "2012.09.01"]
[EventType "swiss"]
[EventRounds "9"]
[EventCountry "ESP"]
[Source "lmi"]
[SourceDate "2012.09.01"]

1. e4 c5 2. Nf3 d6 3. d4 cxd4 4. Qxd4 Nc6 5. Bb5 Bd7 6. Bxc6 Bxc6 7. Nc3 Nf6 8.
Bg5 e6 9. O-O-O Be7 10. Rhe1 O-O 11. Nd2 h6 12. Bh4 Qc7 13. f3 Rfc8 14. e5 dxe5
15. Qxe5 Bd6 16. Qd4 Be7 17. Bg3 Qd8 18. Nb3 Nd5 19. Nxd5 Bxd5 20. Kb1 Bf6 21.
Be5 Bxe5 22. Qxe5 Qb6 23. Rd2 Rd8 24. Qe3 Qxe3 25. Rxe3 Bxb3 26. Rxd8+ Rxd8 27.
axb3 Rd2 28. Rc3 Rxg2 29. Rc8+ Kh7 30. Rc7 Rxh2 1/2-1/2

[Event "3. Memorial Oliver Gonzalez 2012 - B"]
[Site "Madrid ESP"]
[Date "2012.09.06"]
[Round "6.27"]
[White "Magan Gonzalez, Alberto"]
[Black "Benitez Cadenas, Luis Miguel"]
[Result "1-0"]
[WhiteElo "1850"]
[BlackElo "1700"]
[PlyCount "41"]
[EventDate "2012.09.01"]
[EventType "swiss"]
[EventRounds "9"]
[EventCountry "ESP"]
[Source "lmi"]
[SourceDate "2012.09.01"]

1. e4 e6 2. d4 d5 3. Nc3 Nf6 4. Bg5 Be7 5. e5 Nfd7 6. Bxe7 Qxe7 7. f4 O-O 8.
Nf3 c5 9. Qd2 Nc6 10. dxc5 Nxc5 11. O-O-O a6 12. Kb1 Bd7 13. Bd3 Nxd3 14. Qxd3
f6 15. Rhe1 b5 16. Nxd5 exd5 17. Qxd5+ Be6 18. Qxc6 Rfc8 19. Qd6 Qf7 20. exf6
Qg6 21. Qxe6+ 1-0

[Event "3. Memorial Oliver Gonzalez 2012 - B"]
[Site "Madrid ESP"]
[Date "2012.09.06"]
[Round "6.28"]
[White "Martinez Rubio, Felipe"]
[Black "Hernandez Ramos, David"]
[Result "0-1"]
[WhiteElo "1835"]
[BlackElo "1661"]
[PlyCount "86"]
[EventDate "2012.09.01"]
[EventType "swiss"]
[EventRounds "9"]
[EventCountry "ESP"]
[Source "lmi"]
[SourceDate "2012.09.01"]

1. d4 Nf6 2. Nf3 c5 3. e3 e6 4. Bd3 Nc6 5. c3 d5 6. Nbd2 Be7 7. Qe2 O-O 8. O-O
Re8 9. Bc2 a5 10. Ba4 Qc7 11. Ne5 Bd7 12. Nxd7 Nxd7 13. f4 f5 14. g4 Nf6 15.
gxf5 exf5 16. Nf3 Bd6 17. Ne5 Re7 18. Kh1 Kh8 19. Rg1 Nd8 20. Qg2 Ne6 21. Qh3
Bxe5 22. fxe5 Ng4 23. Bd1 Nf2+ 24. Kg2 Nxh3 25. Kxh3 g6 26. Bb3 c4 27. Bd1 b6
28. Bd2 Qd8 29. Be1 Rb7 30. a3 Ng5+ 31. Kg2 Ne4 32. Kh1 Rg7 33. Bf3 g5 34. Bg2
g4 35. Bf1 Qg5 36. Rg2 Qxe3 37. Rd1 Qg5 38. Be2 h5 39. h4 Qe7 40. Bf1 f4 41.
Rh2 Ng3+ 42. Kg2 Nxf1 43. Kxf1 g3 0-1

[Event "3. Memorial Oliver Gonzalez 2012 - B"]
[Site "Madrid ESP"]
[Date "2012.09.06"]
[Round "6.29"]
[White "Hernandez Mateo, Borja"]
[Black "Perez Alvarez, Javier"]
[Result "1/2-1/2"]
[WhiteElo "1719"]
[BlackElo "1834"]
[PlyCount "75"]
[EventDate "2012.09.01"]
[EventType "swiss"]
[EventRounds "9"]
[EventCountry "ESP"]
[Source "lmi"]
[SourceDate "2012.09.01"]

1. e4 e6 2. d3 d5 3. Nd2 Nf6 4. Ngf3 Nc6 5. g3 dxe4 6. dxe4 Bc5 7. Bg2 e5 8.
O-O O-O 9. c3 a5 10. Qc2 b6 11. Nb3 Bd6 12. Nh4 g6 13. Rd1 a4 14. Nd2 Qe7 15.
Nc4 Bc5 16. Bg5 Qe6 17. Ne3 Ne7 18. Nd5 Nexd5 19. exd5 Qd6 20. Rd2 Bb7 21. Rad1
Ng4 22. h3 Nxf2 23. Rxf2 Bxf2+ 24. Qxf2 f6 25. Bh6 Rfe8 26. g4 Bc8 27. Rf1 Bb7
28. Qxf6 Qxf6 29. Rxf6 e4 30. d6 cxd6 31. Rxd6 Rad8 32. Rxb6 Bd5 33. Be3 Bxa2
34. Rb4 Rb8 35. Rxa4 Rxb2 36. Bxe4 Re2 37. Rxa2 Rxe3 38. Bd5+ 1/2-1/2